000 00708nam a2200289Ia 4500
005 20260324124935.0
008 008 260324s9999 xx 000 0 eng d
020 _a9781315236230
037 _aEBOOK
040 _aCRL
040 _beng
040 _cCRL
041 _2eng
041 _aeng
084 _qCRL
100 _aAnne Veronica Witchard
_91176089
245 0 _aThomas Burke's Dark Chinoiserie
245 0 _bLimehouse Nights and the Queer Spell of Chinatown
260 _bTaylor and Francis
260 _c2009
365 _a
365 _b240
856 _uhttp://www.taylorfrancis.com/books/9781315236230
942 _cEBOOK
999 _c1770907
_d1770907